书目信息 |
| 题名: |
休克的临床
|
|
| 作者: | 朱焱 编 | |
| 分册: | ||
| 出版信息: | 杭州 浙江科学技术出版社 1982 |
|
| 页数: | 266页 | |
| 开本: | 19cm | |
| 丛书名: | ||
| 单 册: | ||
| 中图分类: | R441.9 | |
| 科图分类: | ||
| 主题词: | 休克 | |
| 电子资源: | ||
| ISBN: | ||
| 000 | 00564nam0 2200229 45 | |
| 001 | 0182010334 | |
| 005 | 20060810085552.87 | |
| 010 | @dCNY0.78 | |
| 091 | @a14221.37 | |
| 100 | @a19950426d1982 em y0chiy0121 ea | |
| 101 | 0 | @achi |
| 102 | @aCN@b330000 | |
| 105 | @ay z 000yy | |
| 200 | 10 | @a休克的临床@Axiu ke de lin chuang@f朱焱编 |
| 210 | @a杭州@c浙江科学技术出版社@d1982 | |
| 215 | @a266页@d19cm | |
| 606 | @a休克 | |
| 690 | @aR441.9@v3 | |
| 701 | 0 | @a朱焱@Azhu yan@4编 |
| 801 | 2 | @aCN@bNLC@c20060810 |
| 801 | 0 | @aCN@bTSSF |
| 905 | @a10447@dR441.9@e34 | |
| 休克的临床/朱焱编.-杭州:浙江科学技术出版社,1982 |
| 266页;19cm |
| ISBN :CNY0.78 |
| ● |
| 相关链接 |
|
|
|
|
正题名:休克的临床
索取号:R441.9/34
 
预约/预借
| 序号 | 登录号 | 条形码 | 馆藏地/架位号 | 状态 | 备注 |
| 1 | 0452064 | 204520642 | 密集书库/ [索取号:R441.9/34] | 在馆 | |
| 2 | 0452065 | 204520651 | 密集书库/ [索取号:R441.9/34] | 在馆 |